01329nam a2200241 a 450000100100000000500170001000800410002704000250006808200160009324501980010926000710030730000210037850400360039970000300043570000300046571000740049504900090056995201290057895201290070795201140083695201200095099900170107000001416820200929163513.0091207s1971 dr a 001 0 spa d aDO-SdBNPbspacBNPHU axxxxbI438e10aInforme final del estudio sobre valores y actitudes de los jefes de familia respecto al mejoramiento de los niveles de vida en la República Dominicana /cEzequiel García, Antonia Ramírez. aSanto Domingo :bConsejo Nacional de Población y Familia,c1971. a142 P. ;c28 cm. aIncluye bibliografía (p. 142)1 aGarcía, Ezequiel9320171 aRamírez, Antonia932018 aCentro de Investigaciones de la UNPU (República Dominicana )932019 aBNPD 001054708DSaGRbGRcCTd2011-03-31iLF1l0oxxxx I438ep14168-30r2020-06-25te. 3w2020-06-25yLFDSZPréstamo en sala 001054708DSaGRbGRcCTd2011-03-31iLF1l0oxxxx I438ep14168-40r2020-06-25te. 4w2020-06-25yLFDSZPréstamo en sala 0010718PDaPDbPDcCTd2009-12-07iLF1l0oxxxx I438ep14168-10r2020-06-25w2020-06-25yLFPDZNo se presta 0010718PDaPDbPDcCTd2011-03-31iLF1l0oxxxx I438ep14168-20r2020-06-25te. 2w2020-06-25yLFPDZNo se presta c13769d13769